Normal view MARC view
  • Janice Gorzynski Smith

Entry Personal Name

Number of records used in: 25

001 - CONTROL NUMBER

  • control field: 10434

003 - CONTROL NUMBER IDENTIFIER

  • control field: NUST

005 - DATE AND TIME OF LATEST TRANSACTION

  • control field: 20180522060040.0

008 - FIXED-LENGTH DATA ELEMENTS

  • fixed length control field: 180522|| aca||aabn | a|a d

040 ## - CATALOGING SOURCE

  • Original cataloging agency: NUST
  • Transcribing agency: NUST

100 ## - HEADING--PERSONAL NAME

  • Personal name: Janice Gorzynski Smith

670 ## - SOURCE DATA FOUND

  • Source citation: Work cat.: (NUST): Janice Gorzynski Smith, Organic Chemistry , 2008
© 2023 Central Library, National University of Sciences and Technology. All Rights Reserved.